Trabalenguas / (Record no. 20847)

MARC details
000 -LEADER
fixed length control field 00905cam a2200289 a 4500
001 - CONTROL NUMBER
control field bwi09280131
003 - CONTROL NUMBER IDENTIFIER
control field KyLxBWI
005 - DATE AND TIME OF LATEST TRANSACTION
control field 20180604204214.0
008 - FIXED-LENGTH DATA ELEMENTS--GENERAL INFORMATION
fixed length control field 041115s2004 nyua j 000 0 spa d
020 ## - INTERNATIONAL STANDARD BOOK NUMBER
International Standard Book Number 9780439683692 (pbk.)
020 ## - INTERNATIONAL STANDARD BOOK NUMBER
International Standard Book Number 0439683696 (pbk.)
040 ## - CATALOGING SOURCE
Original cataloging agency KyLxBWI
Transcribing agency KyLxBWI
Modifying agency KyLxBWI
041 ## - LANGUAGE CODE
Language code of text/sound track or separate title spa
Language code of original eng
100 1# - MAIN ENTRY--PERSONAL NAME
Personal name Longo, Alejandra.
242 10 - TRANSLATION OF TITLE BY CATALOGING AGENCY
Title Tongue twisters.
Language code of translated title eng.
245 10 - TITLE STATEMENT
Title Trabalenguas /
Statement of responsibility, etc. Alejandra Longo ; ilustraciones, Daniel Chaskielberg.
260 ## - PUBLICATION, DISTRIBUTION, ETC. (IMPRINT)
Place of publication, distribution, etc. New York :
Name of publisher, distributor, etc. Scholastic,
Date of publication, distribution, etc. c2004.
300 ## - PHYSICAL DESCRIPTION
Extent 1 v. (unpaged) :
Other physical details col. ill. ;
Dimensions 21 cm.
500 ## - GENERAL NOTE
General note "Scholastic en espanol"--Cover.
520 ## - SUMMARY, ETC.
Summary, etc. An illustrated collection of riddles and tongue twisters in Spanish.
546 ## - LANGUAGE NOTE
Language note Text in Spanish.
650 #1 - SUBJECT ADDED ENTRY--TOPICAL TERM
Topical term or geographic name as entry element Riddles.
650 #1 - SUBJECT ADDED ENTRY--TOPICAL TERM
Topical term or geographic name as entry element Tongue twisters.
650 #1 - SUBJECT ADDED ENTRY--TOPICAL TERM
Topical term or geographic name as entry element Spanish language materials.
700 1# - ADDED ENTRY--PERSONAL NAME
Personal name Chaskielberg, Daniel.
942 ## - ADDED ENTRY ELEMENTS (KOHA)
Koha item type Libro/Book

No items available.

Powered by Koha